Pancakes, crackers, and pizza / (Record no. 5178)

MARC details
000 -LEADER
fixed length control field 01017nam a22003017a 4500
001 - CONTROL NUMBER
control field 5178
003 - CONTROL NUMBER IDENTIFIER
control field FISKH
005 - DATE AND TIME OF LATEST TRANSACTION
control field 20250131093623.0
008 - FIXED-LENGTH DATA ELEMENTS--GENERAL INFORMATION
fixed length control field 241118b cb ||||| |||| 00| 0 eng d
020 ## - INTERNATIONAL STANDARD BOOK NUMBER
International Standard Book Number 9780516245003
040 ## - CATALOGING SOURCE
Original cataloging agency FISKH
Language of cataloging eng
Transcribing agency FISKH
Modifying agency FISKH
050 ## - LIBRARY OF CONGRESS CALL NUMBER
Classification number PZ7.E194
082 ## - DEWEY DECIMAL CLASSIFICATION NUMBER
Classification number 516
100 ## - MAIN ENTRY--PERSONAL NAME
Personal name Eberts, Marjorie
Dates associated with a name (1933-)
245 ## - TITLE STATEMENT
Title Pancakes, crackers, and pizza /
Statement of responsibility, etc. A Book about shapes By Marjorie Eberts and Margaret Gisler ; Illustrations by Stephen Hayes ; Prepared under the direction of Robert Hillerich, Ph. D.
250 ## - EDITION STATEMENT
Edition statement First printing in 2002.
260 ## - PUBLICATION, DISTRIBUTION, ETC.
Place of publication, distribution, etc. New York :
Name of publisher, distributor, etc. Scholastic,
Date of publication, distribution, etc. 2002.
300 ## - PHYSICAL DESCRIPTION
Extent 31 pages :
Other physical details color illustrations ;
Dimensions 18 cm
505 ## - FORMATTED CONTENTS NOTE
Formatted contents note E<br/>
520 ## - SUMMARY, ETC.
Summary, etc. The things that Eddie loves to eat all come in different shapes. Includes a word list.
521 8# - TARGET AUDIENCE NOTE
Target audience note 190L<br/>
Source Lexile<br/>
521 8# - TARGET AUDIENCE NOTE
Target audience note E<br/>
Source Raz-Plus<br/>
650 ## - SUBJECT ADDED ENTRY--TOPICAL TERM
Source of heading or term Easy reader
Topical term or geographic name entry element Math
650 ## - SUBJECT ADDED ENTRY--TOPICAL TERM
Source of heading or term Food
Topical term or geographic name entry element Fiction
700 ## - ADDED ENTRY--PERSONAL NAME
Personal name Hayes, Stephen
Dates associated with a name Illustrator
942 ## - ADDED ENTRY ELEMENTS (KOHA)
Source of classification or shelving scheme Dewey Decimal Classification
Koha item type Books
Suppress in OPAC No
Holdings
Withdrawn status Lost status Source of classification or shelving scheme Damaged status Not for loan Collection Home library Current library Shelving location Date acquired Total Checkouts Full call number Barcode Date last seen Date last checked out Copy number Price effective from Koha item type
    Dewey Decimal Classification     Juvenile Fiction Footprints International School Library Network Toul Kork Campus Footprints International School Library Network Toul Kork Campus TK Primary Library Room(4th Floor), Bookcase 7, Shelves 57-60, Dark Green Books 11/18/2024 1 EBR 516 PZ7.E194 2024-2315 01/05/2026 11/10/2025 1 11/18/2024 Books
    Dewey Decimal Classification     Juvenile Fiction Footprints International School Library Network Toul Kork Campus Footprints International School Library Network Toul Kork Campus TK Primary Library Room(4th Floor), Bookcase 7, Shelves 57-60, Dark Green Books 01/27/2025   EBR 516 PZ7.E194 FISTK03225 01/27/2025   2 01/27/2025 Books